Mémoires du prince de Talleyrand / (Record no. 166004)

MARC details
000 -LEADER
campo de control de longitud fija 00946nam a2200241 i 4500
001 - NÚMERO DE CONTROL
campo de control 166004
003 - IDENTIFICADOR DE NÚMERO DE CONTROL
campo de control ES-MaACL
005 - FECHA Y HORA DE LA ÚLTIMA TRANSACCIÓN
campo de control 20260214184951.0
008 - DATOS DE LONGITUD FIJA--INFORMACIÓN GENERAL
campo de control de longitud fija 000113m18911892fr c |||| | fre d
040 ## - FUENTE DE CATALOGACIÓN
Centro catalogador/agencia de origen CCPB | B
Lengua de catalogación spa
Centro/agencia transcriptor CCPB | B
080 ## - NÚMERO DE LA CLASIFICACIÓN DECIMAL UNIVERSAL
Número de la Clasificación Decimal Universal 929 Talleyrand-Périgord, Charles Maurice de, Prince de Bénévent
080 ## - NÚMERO DE LA CLASIFICACIÓN DECIMAL UNIVERSAL
Número de la Clasificación Decimal Universal 944"17"(093.32)
100 1# - ENTRADA PRINCIPAL--NOMBRE DE PERSONA
Nombre de persona Talleyrand-Périgord, Charles Maurice de,
Títulos y otros términos asociados al nombre prince de Bénèvent,
Fechas asociadas al nombre 1754-1838
9 (RLIN) 109131
245 10 - MENCIÓN DEL TÍTULO
Título Mémoires du prince de Talleyrand /
Mención de responsabilidad, etc. publiés avec une préface et des notes par le duc de Broglie.
260 ## - PUBLICACIÓN, DISTRIBUCIÓN, ETC.
Lugar de publicación, distribución, etc. Paris :
Nombre del editor, distribuidor, etc. Calmann Lévy,
Fecha de publicación, distribución, etc. 1891-1892 (
Fabricante Imprimerie Chaix)
300 ## - DESCRIPCIÓN FÍSICA
Extensión 5 v. ;
Dimensiones 24 cm.
597 ## - NOTA DE DESCRIPCIÓN FÍSICA
NOTA DE DESCRIPCIÓN FÍSICA En T. V consta "Fin du tome cinquième et dernier"
599 ## - NOTA A LAS ILUSTRACIONES
NOTA A LAS ILUSTRACIONES Retrato del aut. en cada tomo.
650 #4 - PUNTO DE ACCESO ADICIONAL DE MATERIA--TÉRMINO DE MATERIA
Término de materia o nombre geográfico como elemento de entrada
9 (RLIN) 241191
700 1# - ENTRADA AGREGADA--NOMBRE PERSONAL
Nombre de persona Broglie, Albert de,
Fechas asociadas al nombre 1821-1901
9 (RLIN) 31876
852 ## - LOCALIZACIÓN
Ubicación ES-MaACL
Número de control de estantería G-5840-44
Nota libre -- Enc. hol.
Holdings
Estatus retirado Estado de pérdida Estado de daño No para préstamo Colección Biblioteca de origen Biblioteca actual Ubicación en estantería Fecha de adquisición Total de préstamos Signatura topográfica completa Código de barras Visto por última vez Precio de reemplazo Tipo de ítem Koha
        Libros del s. XIX Biblioteca del Ateneo de Madrid Biblioteca del Ateneo de Madrid Depósito 2 17/01/2008   G-5840-44 1174094 23/02/2023 23/02/2023 Libro impreso antiguo